000 00844nam a2200253Ia 4500
003 OSt
005 20220926012314.0
006 a|||||r|||| 00| 0
007 ta
008 220923b |||||||| |||| 00| 0 eng d
020 _a9781316636206
_c3478.74
037 _b103, 16/02/2018, AVIVA BOOKS COMPANY
_cGeneral Book
040 _aRTL
_cRTL
_beng
041 _2eng
_aeng
082 _aX0gFb4, Q7
100 _aMORGAN M Granger
_918179
245 0 _aTheory and practice in policy analysis
_b Including applications in science and technology.
260 _aNew York
_bCambridge University Press
_c2017
300 _axvi, 590p
_ccm.
500 _aBibliography chapterwise
650 _aEconomics
942 _hX0gFb4, Q7
_cGB
_2CC
999 _c622458
_d622458